| 000 | nam a22 a 4500 | ||
|---|---|---|---|
| 999 |
_c422 _d422 |
||
| 005 | 20170503161032.0 | ||
| 008 | 170503b1977 xxu||||| |||| 00| 0 eng d | ||
| 040 | _aAKMAL | ||
| 082 | _a070.43 MET | ||
| 090 |
_a070.43 _bMET |
||
| 100 |
_aMetzler, Ken. _9988 |
||
| 245 | 1 | 0 |
_aCreative interviewing _bThe writer's guide to gathering information by asking questions. |
| 260 |
_a [S.l.] _bPrentice-Hall _c1977. |
||
| 300 | _ccm | ||
| 599 | _aDALAM PROSES | ||
| 852 |
_aBritish Library _bDSC |
||
| 942 |
_2ddc _cBOOK |
||